| 000 | 00680cam a22002411 4500 | ||
|---|---|---|---|
| 001 | 6568858 | ||
| 003 | ARRUPE | ||
| 005 | 20150120020006.0 | ||
| 008 | 720803s1962 ilu 000 0 eng | ||
| 010 | _a 62052505 | ||
| 035 | _a(OCoLC)372957 | ||
| 040 |
_aDLC _cODaWU _dOCoLC _dDLC |
||
| 042 | _apremarc | ||
| 050 | 0 | 0 |
_aQA273 _b.C26 1962 |
| 100 | 1 |
_aCarnap, Rudolf, _d1891-1970. _92768 |
|
| 245 | 1 | 0 | _aLogical foundations of probability. |
| 250 | _a[2d ed. | ||
| 260 |
_aChicago] _bUniversity of Chicago Press _c[1962] |
||
| 300 |
_a613 p. _c24 cm. |
||
| 650 | 0 |
_aProbabilities. _92769 |
|
| 906 |
_a7 _bcbc _coclcrpl _du _encip _f19 _gy-gencatlg |
||
| 942 |
_2lcc _cMONOGRAPH _01 |
||
| 999 |
_c118405 _d118405 |
||